000 00389nam a22001337a 4500
020 _a0-85312-159-1
082 _a621.38102453 DEL'E
100 _aDELANEY, C. F. G
_974700
245 _aELECTRONIC FOR THE PHYSICIST WITH APPLICATIONS
260 _aNEWYORK
_bJOHN WILEY
_c1980
300 _a306P
650 _aELECTRONIC APPARATUS AND APPLICATIONS PHYSICAL INSTRUMENTS
_974701
942 _cBK
999 _c580204
_d580204